000 00677nam a22002657a 4500
001 BR9701555
003 BR-BrBNA
005 20230928095401.0
007 ta
008 230509b bl.||||| |||| 00| 0 por d
040 _aBR-BrBNA
_bpor
_cBiblioteca Nacional de Agricultura
041 _a(Por)
072 _aL02; L51
_b5300
090 _ 5300 BR9701555
100 1 _aTorres, A.D.P.
245 1 _aAlimentos e nutricao dos suinos
260 3 _aSao Paulo, SP (Brasil):
_bNobel S.A.,
_c1977.
300 _a214 p.
500 _a38 ref.
650 _aSuino
650 _aNutricao Animal
650 _aArracoamento
909 _a202309
_bLucia
_c55
_dLucia Elande
942 _cBK
999 _c56249
_d56249